01133nam a2200265Ia 4500001001200000003000800012006001900020007001500039008004100054020001500095040002100110035002000131050002600151245020500177260005500382300001500437533015200452650002200604650002000626650003200646655002900678710001700707856012600724999001700850ebr10060380CaPaEBRm u cr cn|||||||||040923s1983 dcu gs 000 0 eng d z0309033950 aCaPaEBRcCaPaEBR a(OCoLC)4495748814aHD9850.5b.C66 1983eb04aThe competitive status of the U.S. fibers, textiles and apparel complexh[electronic resource] :ba study of the influences of technology in determining international industrial competitive advantage. aWashington, D.C. :bNational Academy Press,c1983. axii, 91 p. aElectronic reproduction.bPalo Alto, Calif. :cebrary,d2009.nAvailable via World Wide Web.nAccess may be limited to ebrary affiliated libraries. 0aTextile industry. 0aClothing trade. 0aCompetition, International. 7aElectronic books.2local2 aebrary, Inc.40uhttp://site.ebrary.com/lib/rucke/Doc?id=10060380zAn electronic book accessible through the World Wide Web; click to view c45494d45494